| 000 | 00434 a2200145 4500 | ||
|---|---|---|---|
| 040 |
_aDLC _bDLC |
||
| 082 | _a621.46 | ||
| 100 | _aKrishnan, Ramu | ||
| 245 |
_aElectric motor drives: modeling, analysis, and control _cRamu Krishnan |
||
| 260 |
_aUpper Saddle River, N.J. : _bPrentice Hall, _cc2001. |
||
| 300 |
_axxviii, 626 p. : _bill. ; _c24 cm. |
||
| 500 | _aInclude Index | ||
| 650 | _aElectric driving. | ||
| 942 |
_cBK _k621.46 KRI _2ddc |
||
| 999 |
_c8442 _d8442 |
||